Electronic drafting and design (Record no. 20866)

000 -LEADER
fixed length control field 00602nam a22002051 4500
001 - CONTROL NUMBER
control field 20866
003 - CONTROL NUMBER IDENTIFIER
control field BD-DhUET
008 - FIXED-LENGTH DATA ELEMENTS--GENERAL INFORMATION
fixed length control field 840208s1966 nyua b 000 0 eng
040 ## - CATALOGING SOURCE
Original cataloging agency DLC
Transcribing agency DLC
Modifying agency BD-DhUET
082 00 - DEWEY DECIMAL CLASSIFICATION NUMBER
Classification number 623.004
Item number RAS/1966
100 ## - MAIN ENTRY--PERSONAL NAME
Personal name Raskhodoff, Nicholas M.
245 10 - TITLE STATEMENT
Title Electronic drafting and design
250 ## - EDITION STATEMENT
Edition statement 1st ed.
260 ## - PUBLICATION, DISTRIBUTION, ETC. (IMPRINT)
Place of publication, distribution, etc. New Jersey
Date of publication, distribution, etc. 1966
Name of publisher, distributor, etc. Prentice-Hall
300 ## - PHYSICAL DESCRIPTION
Extent xii, 594 p.
Other physical details illus.
Dimensions 24 cm.
490 ## - SERIES STATEMENT
Series statement Prentice-Hall series in electronic technology
504 ## - BIBLIOGRAPHY, ETC. NOTE
Bibliography, etc Includes bibliographies
650 #0 - SUBJECT ADDED ENTRY--TOPICAL TERM
Topical term or geographic name as entry element Electrical Engineering : Design and drafting
942 ## - ADDED ENTRY ELEMENTS (KOHA)
Koha item type General Book
Holdings
Piece designation (barcode) Not for loan Koha normalized classification for sorting Copy number Location (home branch) Sublocation or collection (holding branch) Koha full call number Damaged status Date acquired Koha item type Withdrawn status Koha date last seen Shelving location Source of classification or shelving scheme Price effective from Lost status
7779 623_004000000000000_RAS_19661Central Library, BUETCentral Library, BUET623.004/RAS/1966 2015-04-13General Book 2015-04-13Circulation section 2015-04-13 
7778 623_004000000000000_RAS_19662Central Library, BUETCentral Library, BUET623.004/RAS/1966 2015-04-13General Book 2015-04-13Circulation section 2015-04-13 
7782 623_004000000000000_RAS_19663Central Library, BUETCentral Library, BUET623.004/RAS/1966 2015-04-13General Book 2015-04-13Circulation section 2015-04-13 
7780 623_004000000000000_RAS_19664Central Library, BUETCentral Library, BUET623.004/RAS/1966 2015-04-13General Book 2015-04-13Circulation section 2015-04-13 
20020 623_004000000000000_RAS_19665Central Library, BUETCentral Library, BUET623.004/RAS/1966 2015-04-13General Book 2015-04-13Circulation section 2015-04-13 
7781 623_004000000000000_RAS_19666Central Library, BUETCentral Library, BUET623.004/RAS/1966 2015-04-13General Book 2015-04-13Circulation section 2015-04-13 
7783 623_004000000000000_RAS_19667Central Library, BUETCentral Library, BUET623.004/RAS/1966 2015-06-25General Book 2015-06-25Reading section 2015-06-25